Statistiques concernant Champions du monde 500 cm3/MotoGP

Cliquez ici pour prendre le quiz!

Statistiques générales

  • Ce quiz a été pris 25 fois
  • Le résultat moyen est 11 sur 29

Statistiques - réponses

PaysChampionNombre de
titre(s)
Saison(s)Constructeur(s)% Correct
ItalieValentino Rossi72001, 2002, 2003, 2004, 2005, 2008, 2009Honda (x3), Yamaha (x4)
100%
EspagneMarc Marquez62013, 2014, 2016, 2017, 2018, 2019Honda (x6)
93%
FranceFabio Quartararo12021Yamaha
80%
ItalieFrancesco Bagnaia22022, 2023Ducati (x2)
67%
ItalieGiacomo Agostini81966, 1967, 1968, 1969, 1970, 1971, 1972, 1975MV Agusta (x6), Yamaha
67%
AustralieCasey Stoner22007, 2011Ducati, Honda
60%
EspagneJoan Mir12020Suzuki
60%
EspagneJorge Lorenzo32010, 2012, 2015Yamaha (x3)
53%
AustralieMIchael Doohan51994, 1995, 1996, 1997, 1998Honda (x5)
53%
États-UnisNicky Hayden12006Honda
53%
Royaume-UniJohn Surtees41956, 1958, 1959, 1960MV Agusta (x4)
40%
États-UnisKenny Roberts31978, 1979, 1980Yamaha (x3)
40%
États-UnisKenny Roberts Jr12000Suzuki
40%
Royaume-UniMike Hailwood41962, 1963, 1964, 1965MV Agusta (x4)
33%
AustralieWayne Gardner11987Honda
33%
EspagneAlex Criville11999Honda
27%
États-UnisKevin Schwantz11993Suzuki
27%
États-UnisWayne Rainey31990, 1991, 1992Yamaha (x3)
20%
Royaume-UniBarry Sheene21976,1977Suzuki (x2)
13%
États-UnisEddie Lawson41984, 1986, 1988, 1989Yamaha (x3), Honda
13%
ItalieFranco Uncini11982Suzuki
13%
États-UnisFreddie Spencer21983, 1985Honda (x2)
13%
Rhodésie (Zimbabwe)Gary Hocking11961MV Agusta
13%
Royaume-UniLeslie Graham11949AJS
13%
ItalieLibero Liberati11957Gilera
13%
ItalieMarco Lucchinelli11981Suzuki
13%
Royaume-UniPhil Read21973, 1974MV Agusta (x2)
13%
Royaume-UniGeoff Duke41951, 1953, 1954, 1955Norton, Gilera (x3)
7%
ItalieUmberto Masetti21950, 1952Norton, Gilera
7%

Distribution des résultats

Percentile par nombre de réponses

% des personnes avec chaque résultat

Votre développement - résultats

Vous n’avez pas pris ce quiz